احمد عرابي الزعيم المفترى عليه / Aḥmad ʻUrābī al-zaʻīm al-muftará ʻalayh

محفوظ في:

المؤلف الرئيسي: Maḥmūd al-Khafīf.,.

التنسيق: كتاب

اللغة: Undetermined

منشور في: not identified not identified

الوسوم: إضافة وسم

لا توجد وسوم, كن أول من يضع وسما على هذه التسجيلة!

رقم الطلب: A99 ORAB

LEADER 00416nam a2200121Ia 4500
008 240404s9999||||xx |||||||||||||| ||und||
050 4 |a A99 ORAB 
100 1 |a Maḥmūd al-Khafīf.,. 
245 1 0 |a احمد عرابي الزعيم المفترى عليه / Aḥmad ʻUrābī al-zaʻīm al-muftará ʻalayh   |c Maḥmūd al-Khafīf., 
264 1 |a not identified  |b not identified 
300 |a 37  |c 24 
942 |2 lcc  |c BK 
999 |c 58056  |d 58056